000 01376nam a2200313 i 4500
003 EG-GICUC
005 20260429132320.0
008 260429s2008 ua ||||fr|||| 00| 0 ara d
017 _a13624/2007
_d2008
020 _a978-977-03-1556-4
040 _a EG-GICUC
_bara
_c EG-GICUC
_d EG-GICUC
_erda
041 _aara
_hara
082 0 4 _221
_a345.455
_bا ح . ا
092 0 4 _221
099 _aLaw1 07 345.455 ا ح . ا 2008
100 1 _aاحمد محمد جمعه
_eمؤلف.
245 1 0 _aاحكام عقود شركات قطاع الاعمال العام :
_bبالمقارنه باحكام قانون تنظيم المناقصات والمزايدات الجديد الصادر بالقانون رقم 89 لسنه 1998 طبقا لاحداث التعديلات واحكام القضاء /
_cاحمد محمد جمعه.
264 1 _aالاسكندرايه :
_bمنشاه المعارف,
_c2008.
300 _a225صفحة
_bإيضاحيات، صور، مثيليات ؛
_c24 سم
336 _2rda content
_atext
337 _2rda media
_aComputer
338 _2rda carrier
_aOnline Resource
546 _aالنص باللغة العربية
650 1 4 _aالنظام القانوني للعاملين بالقطاع العام
_2qrmak
651 1 _2qrmak
856 4 0 _uhttps://fll.law.cu.edu.eg/B07-02610/bks/test.pdf
905 _a163
942 _2ddc
_cBK
_e21
_n0
999 _c74210
_d74210